[Event "World Junior U20 Open 2018"]
[Site "Gebze"]
[Date "2018.09.13"]
[Round "9.71"]
[White "Kwon, Sehyun"]
[Black "Dedebas, Emre Emin"]
[Result "0-1"]
[WhiteElo "2129"]
[BlackElo "2334"]
[Annotator "NA"]
[PlyCount "74"]
[EventDate "2018.09.05"]
[EventType "swiss"]
[EventCountry "TUR"]
[SourceTitle "playchess.com"]
[Source "ChessBase"]
[SourceQuality "1"]
[TimeControl "40/5400+30:1800+30"]

1. e4 {[%emt 0:00:30]} e5 {[%emt 0:00:30]} 2. Nf3 {[%emt 0:00:30]} Nc6 {[%emt 0:00:00]} 3. Bc4 {[%emt 0:00:00]} Bc5 {[%emt 0:00:00]} 4. d3 {[%emt 0:00:00]} Nf6 {[%emt 0:00:30]} 5. O-O {[%emt 0:00:30]} d6 {[%emt 0:00:00]} 6. c3 {[%emt 0:00:30]} h6 {[%emt 0:01:00]} 7. Re1 {[%emt 0:03:00]} O-O {[%emt 0:01:30] C54: Giuoco Piano: 4 c3 Nf6, main lines with 5 d4 and 5 d3} 8. Nbd2 {[%emt 0:02:30]} a5 {[%emt 0:01:30]} 9. Nf1 {[%emt 0:01:30]} Be6 {[%emt 0:13:30]} (9... Bb6 10. Be3 Bxe3 11. Nxe3 Be6 12. Bb5 Ne7 13. Ba4 Ng6 14. Bc2 Re8 15. d4 {1-0 (54) Vachier Lagrave,M (2789)-Caruana,F (2816) Paris 2018}) 10. Bb5 {[%emt 0:00:30]} Ne7 {[%emt 0:09:30]} 11. d4 {[%emt 0:02:30]} exd4 {[%emt 0:09:30]} 12. cxd4 {[%emt 0:01:30]} Bb4 {[%emt 0:09:30]} 13. Re2 {[%emt 0:04:30]} a4 {[%emt 0:08:30] [#]} 14. Bd3 $146 {[%emt 0:46:00]} a3 {[%emt 0:03:30]} 15. b3 {[%emt 0:01:30]} Bc3 {[%emt 0:05:30]} 16. Rb1 {[%emt 0:00:30]} Bg4 {[%emt 0:00:30]} 17. Bc2 {[%emt 0:01:30]} Nc6 {[%emt 0:03:00]} 18. Be3 {[%emt 0:56:00]} Nb4 {[%emt 0:00:30]} 19. Bd2 $17 {[%emt 0:06:30]} Bxd2 20. Qxd2 c5 21. Bd3 Nc6 {[%emt 1:20:30]} 22. d5 {[%emt 1:19:00]} Bxf3 {[%emt 0:00:30]} 23. gxf3 {[%emt 0:00:30]} Nd4 {[%emt 0:00:30]} 24. Re3 {[%emt 0:00:30]} Nh5 {[%emt 0:00:30]} 25. Ng3 {[%emt 0:01:30]} Nf4 {[%emt 0:08:11]} 26. Kh1 {[%emt 0:02:33]} Re8 {[%emt 0:02:05]} 27. Rg1 {[%emt 0:03:33]} Re5 {[%emt 0:03:05]} 28. Ree1 {[%emt 0:02:46]} Qh4 {[%emt 0:01:54]} 29. Nf5 {[%emt 0:04:58]} Rxf5 {[%emt 0:03:13]} 30. Rg4 {[%emt 0:01:03]} Nxf3 {[%emt 0:02:32]} 31. Rxh4 {[%emt 0:00:55]} Nxd2 {[%emt 0:00:04]} 32. exf5 {[%emt 0:03:19]} Nxd3 {[%emt 0:00:01]} 33. Ra4 {[%emt 0:03:59]} Rxa4 {[%emt 0:01:17]} 34. Re8+ {[%emt 0:00:34]} Kh7 {[%emt 0:00:30]} 35. bxa4 {[%emt 0:00:00]} c4 {[%emt 0:00:00]} 36. Re3 {[%emt 0:01:36]} Nb1 {[%emt 0:00:22]} 37. Re2 {[%emt 0:00:38]} c3 {[%emt 0:00:09]} 0-1

[Event "World Junior U20 Open 2018"]
[Site "Gebze"]
[Date "2018.09.13"]
[Round "9.72"]
[White "Jogstad, Martin"]
[Black "Zrikem, Nassim"]
[Result "1-0"]
[WhiteElo "2305"]
[BlackElo "2066"]
[Annotator "NA"]
[PlyCount "61"]
[EventDate "2018.09.05"]
[EventType "swiss"]
[EventCountry "TUR"]
[SourceTitle "playchess.com"]
[Source "ChessBase"]
[SourceQuality "1"]
[TimeControl "40/5400+30:1800+30"]

1. d4 {[%emt 0:00:30]} Nf6 {[%emt 0:00:30]} 2. c4 {[%emt 0:00:30]} e6 {[%emt 0:00:30]} 3. g3 {[%emt 0:00:00]} d5 {[%emt 0:00:00]} 4. Nf3 {[%emt 0:00:00]} Bb4+ {[%emt 0:00:00]} 5. Bd2 {[%emt 0:00:30]} Be7 {[%emt 0:00:00]} 6. Bg2 {[%emt 0:00:00]} O-O {[%emt 0:00:00]} 7. O-O {[%emt 0:00:00]} c6 {[%emt 0:00:30]} 8. Qc2 {[%emt 0:03:30]} Nbd7 {[%emt 0:00:30]} 9. Rd1 {[%emt 0:04:30]} b6 {[%emt 0:00:30]} 10. Nc3 {[%emt 0:02:30]} Ba6 {[%emt 0:01:30]} 11. b3 {[%emt 0:07:30]} Rc8 {[%emt 0:01:30] LiveBook: 21 Games} 12. Bc1 {[%emt 0:01:30]} c5 {[%emt 0:07:30]} 13. Bb2 {[%emt 0:09:30]} Qc7 {[%emt 0:18:30]} 14. cxd5 {[%emt 0:05:30]} exd5 {[%emt 0:08:30]} 15. Rac1 {[%emt 0:47:30]} Rfe8 {[%emt 0:09:30]} 16. dxc5 $16 {[%emt 0:04:30]} Bxc5 17. e3 Rxe3 18. fxe3 Bxe3+ 19. Kh1 Ne4 {[%emt 1:23:07]} 20. Bf1 {[%emt 1:28:59]} Bb7 {[%emt 0:13:29]} 21. Qe2 {[%emt 0:03:33]} Nf2+ {[%emt 0:01:02]} 22. Kg2 {[%emt 0:00:16]} Nxd1 {[%emt 0:00:25]} 23. Nxd5 {[%emt 0:00:53]} Qxc1 {[%emt 0:01:39]} 24. Bxc1 {[%emt 0:00:10]} Rxc1 {[%emt 0:01:45]} 25. Nxe3 {[%emt 0:00:31]} Ne5 {[%emt 0:00:31]} 26. Nd5 {[%emt 0:01:44]} f6 {[%emt 0:00:31]} 27. Qb5 {[%emt 0:03:54]} Nc6 {[%emt 0:00:30]} 28. Qd3 {[%emt 0:01:27]} Kf8 {[%emt 0:00:27]} 29. Be2 {[%emt 0:00:52]} Nb2 {[%emt 0:00:32]} 30. Qd2 {[%emt 0:01:11]} Rc5 {[%emt 0:00:22]} 31. Nf4 {[%emt 0:00:11]} 1-0

[Event "World Junior U20 Open 2018"]
[Site "Gebze"]
[Date "2018.09.13"]
[Round "9.73"]
[White "De Block, Yordi"]
[Black "Taalaibekov, Tagir"]
[Result "0-1"]
[WhiteElo "2118"]
[BlackElo "2291"]
[Annotator "NA"]
[PlyCount "106"]
[EventDate "2018.09.05"]
[EventType "swiss"]
[EventCountry "TUR"]
[SourceTitle "playchess.com"]
[Source "ChessBase"]
[SourceQuality "1"]
[TimeControl "40/5400+30:1800+30"]

1. d4 {[%emt 0:00:30]} e6 {[%emt 0:00:30]} 2. c4 {[%emt 0:00:30]} f5 {[%emt 0:00:00]} 3. Nf3 {[%emt 0:01:30]} Nf6 {[%emt 0:00:00]} 4. g3 {[%emt 0:00:00]} d5 {[%emt 0:00:30]} 5. Bg2 {[%emt 0:00:00]} c6 {[%emt 0:00:00]} 6. O-O {[%emt 0:00:30]} Bd6 {[%emt 0:00:00]} 7. b3 {[%emt 0:00:30]} O-O {[%emt 0:00:00]} 8. Bb2 {[%emt 0:00:00]} Bd7 {[%emt 0:00:00] A90: Dutch Defence: Miscellaneous and Modern Stonewall (with ...Bd6)} (8... b6 9. Nbd2 Bb7 10. Qc2 a5 11. Ne5 Na6 12. a3 Rc8 13. Ndf3 Ne4 14. Rad1 c5 15. dxc5 Naxc5 16. Nd3 Nxb3 17. Qxb3 dxc4 {½-½ (48) Tomilova,E (2309)-Charochkina,D (2366) Sochi 2016}) 9. Ne5 {[%emt 0:02:00]} a5 $146 {[%emt 0:05:30]} ({Predecessor:} 9... Be8 10. Nd2 Nbd7 11. Ndf3 Bh5 12. Qc2 Rc8 13. c5 Bb8 14. b4 Nxe5 15. dxe5 Ng4 16. h3 {1-0 (62) Moulain,J (2185)-Matoewi,R (2182) Dresden 2008}) 10. Nc3 {[%emt 0:05:30]} Be8 {[%emt 0:01:30]} 11. Qd3 {[%emt 0:03:30]} Ne4 {[%emt 0:08:30]} 12. cxd5 {[%emt 0:14:30]} exd5 {[%emt 0:03:30]} 13. Nxe4 {[%emt 0:03:30]} fxe4 {[%emt 0:00:30]} 14. Qd2 {[%emt 0:00:30]} Nd7 {[%emt 0:01:30]} 15. f3 {[%emt 0:03:30]} exf3 {[%emt 0:02:30]} 16. Rxf3 {[%emt 0:07:30]} Nxe5 {[%emt 0:02:30]} 17. dxe5 {[%emt 0:00:30]} Bc5+ {[%emt 0:00:30]} 18. Bd4 {[%emt 0:00:30]} Bxd4+ {[%emt 0:00:30]} 19. Qxd4 {[%emt 0:00:30]} Bh5 {[%emt 0:00:30]} 20. Rxf8+ {[%emt 0:00:30]} Qxf8 {[%emt 0:00:30]} 21. Rf1 {[%emt 0:00:30]} Qb4 {[%emt 0:00:30]} 22. Qe3 {[%emt 0:04:30]} Re8 {[%emt 0:03:30]} 23. e6 {[%emt 0:56:30]} Bg4 {[%emt 0:16:30]} 24. Rf4 {[%emt 0:02:30]} Qe1+ {[%emt 0:00:30]} 25. Bf1 {[%emt 0:00:30]} Bxe6 $17 {[%emt 0:01:00]} 26. Qb6 g5 27. Rf2 Qb4 28. Qc7 Qd4 {[%emt 1:08:00]} 29. Qd6 {[%emt 1:39:06]} Bf7 {[%emt 0:00:30]} 30. Qd7 {[%emt 0:00:30]} Bg6 {[%emt 0:00:30]} 31. Bh3 {[%emt 0:02:21]} Qe3 {[%emt 0:11:30]} 32. Qd6 {[%emt 0:01:44]} Qe7 {[%emt 0:01:30]} 33. Qxe7 {[%emt 0:01:42]} Rxe7 {[%emt 0:00:00]} 34. Kf1 {[%emt 0:00:31]} Kg7 {[%emt 0:00:00]} 35. Ke1 {[%emt 0:00:29]} Bb1 {[%emt 0:01:30]} 36. a3 {[%emt 0:00:24]} Re3 {[%emt 0:00:30]} 37. Rf3 {[%emt 0:00:00]} Rxf3 {[%emt 0:04:30]} 38. exf3 {[%emt 0:00:11]} Ba2 {[%emt 0:00:30]} 39. b4 {[%emt 0:00:30]} axb4 {[%emt 0:00:30]} 40. axb4 {[%emt 0:00:30]} b6 {[%emt 0:00:30]} 41. Kd2 {[%emt 0:30:30]} Kf6 {[%emt 0:30:30]} 42. Ke3 {[%emt 0:00:30]} c5 {[%emt 0:00:30]} 43. bxc5 {[%emt 0:00:30]} bxc5 {[%emt 0:00:30]} 44. Bd7 {[%emt 0:00:30]} Bb1 {[%emt 0:00:30]} 45. Bb5 {[%emt 0:00:30]} d4+ {[%emt 0:00:30]} 46. Kd2 {[%emt 0:00:30]} Ke5 {[%emt 0:00:30]} 47. Bc4 {[%emt 0:00:30]} Bf5 {[%emt 0:00:00]} 48. Be2 {[%emt 0:00:00]} Be6 {[%emt 0:00:00]} 49. Bd3 {[%emt 0:00:00]} h6 {[%emt 0:00:00]} 50. h4 {[%emt 0:00:00]} c4 {[%emt 0:00:00]} 51. hxg5 {[%emt 0:00:00]} hxg5 {[%emt 0:00:00]} 52. Bc2 {[%emt 0:00:00]} c3+ {[%emt 0:00:00]} 53. Kc1 {[%emt 0:00:00]} Bd5 {[%emt 0:00:00]} 0-1

[Event "World Junior U20 Open 2018"]
[Site "Gebze"]
[Date "2018.09.13"]
[Round "9.74"]
[White "Gulden, Egemen"]
[Black "Kara, Yanki"]
[Result "1/2-1/2"]
[WhiteElo "2068"]
[BlackElo "2262"]
[Annotator "NA"]
[PlyCount "51"]
[EventDate "2018.09.05"]
[EventType "swiss"]
[EventCountry "TUR"]
[SourceTitle "playchess.com"]
[Source "ChessBase"]
[SourceQuality "1"]
[TimeControl "40/5400+30:1800+30"]

1. e4 {[%emt 0:00:30]} g6 {[%emt 0:00:30]} 2. d4 {[%emt 0:00:30]} Bg7 {[%emt 0:00:30]} 3. Nc3 {[%emt 0:00:30]} d6 {[%emt 0:00:00]} 4. f4 {[%emt 0:00:30]} a6 {[%emt 0:00:00]} 5. a4 {[%emt 0:00:30]} Nc6 {[%emt 0:00:00] B06: Modern Defence} 6. Nf3 {[%emt 0:03:30]} Bg4 {[%emt 0:00:00]} 7. Be3 {[%emt 0:02:30]} Bxf3 {[%emt 0:00:00]} 8. gxf3 {[%emt 0:00:30]} d5 {[%emt 0:00:00]} 9. e5 {[%emt 0:07:30]} e6 {[%emt 0:02:30]} 10. h4 {[%emt 0:03:30]} h5 {[%emt 0:01:30]} 11. Ne2 $146 {[%emt 0:05:30]} ({Predecessor:} 11. Qd2 Nh6 12. Bd3 Bf8 13. Na2 {0-1 (34) Barskij,A-Hillarp Persson,T (2438) Recklinghausen 2001}) 11... Bf8 {[%emt 0:30:30]} 12. f5 {[%emt 0:09:30]} exf5 {[%emt 0:01:30]} 13. Nf4 {[%emt 0:01:30]} Bh6 {[%emt 0:01:30]} 14. Qd2 {[%emt 0:02:30]} Bxf4 {[%emt 0:02:30]} 15. Bxf4 {[%emt 0:00:30]} Qd7 {[%emt 0:00:30]} 16. Be3 {[%emt 0:06:30]} Nd8 {[%emt 0:42:00]} 17. b3 {[%emt 0:00:30]} Ne6 {[%emt 0:00:30]} 18. Be2 {[%emt 0:08:30]} Ne7 {[%emt 0:01:30]} 19. c3 {[%emt 0:01:30]} Rc8 $15 {[%emt 0:02:30]} 20. b4 {[%emt 1:08:00]} Rd8 {[%emt 0:49:00]} 21. Bd3 {[%emt 0:00:30]} Nc8 {[%emt 0:07:30]} 22. Kf2 {[%emt 0:05:30]} Ne7 {[%emt 0:15:30]} 23. Be2 {[%emt 0:00:30]} Nc8 {[%emt 0:00:30]} 24. Bd3 {[%emt 0:00:30]} Ne7 {[%emt 0:00:30]} 25. Be2 {[%emt 0:00:30]} Nc8 {[%emt 0:00:30]} 26. Bd3 {[%emt 0:00:30]} 1/2-1/2

[Event "World Junior U20 Open 2018"]
[Site "Gebze"]
[Date "2018.09.13"]
[Round "9.75"]
[White "Dionizio, Andre Filipe Nascim"]
[Black "Tuna, Alp"]
[Result "0-1"]
[WhiteElo "2010"]
[BlackElo "2253"]
[Annotator "NA"]
[PlyCount "66"]
[EventDate "2018.09.05"]
[EventType "swiss"]
[EventCountry "TUR"]
[SourceTitle "playchess.com"]
[Source "ChessBase"]
[SourceQuality "1"]
[TimeControl "40/5400+30:1800+30"]

1. e4 {[%emt 0:01:30]} c6 {[%emt 0:00:30]} 2. d3 {[%emt 0:00:30]} d5 {[%emt 0:00:30]} 3. Nd2 {[%emt 0:00:30]} e5 {[%emt 0:00:00]} 4. Ngf3 {[%emt 0:00:00]} Bd6 {[%emt 0:00:00]} 5. d4 {[%emt 0:00:00]} exd4 {[%emt 0:00:30]} 6. exd5 {[%emt 0:00:30]} cxd5 {[%emt 0:00:30]} 7. Nxd4 {[%emt 0:00:00]} Nc6 {[%emt 0:00:30]} 8. N2f3 {[%emt 0:00:30] B10: Caro-Kann: 2 d3 and 2 c4} Nf6 {[%emt 0:01:00]} 9. Be2 {[%emt 0:00:30]} O-O {[%emt 0:00:30]} (9... h6 10. O-O O-O 11. h3 Re8 12. c3 a6 13. Re1 Bd7 14. Bd2 Qc7 15. Bf1 Ne4 16. Be3 Rad8 17. Nxc6 bxc6 18. Bxa6 {1-0 (35) Smirin,I (2652)-Sasikiran,K (2682) Tsaghkadzor 2015}) 10. O-O {[%emt 0:00:30]} Re8 {[%emt 0:03:30]} 11. Bg5 {[%emt 0:05:30]} h6 $146 {[%emt 0:01:30]} ({Predecessor:} 11... Nxd4 12. Nxd4 h6 13. Be3 Bd7 14. Nb5 Be5 15. c3 Qa5 16. Nd4 Ba4 17. Qd3 Rac8 18. Nf5 Bd7 19. Rfe1 Bxf5 20. Qxf5 d4 21. cxd4 Bxh2+ {0-1 (21) Page,J-Evans,D England 2000}) 12. Bh4 {[%emt 0:01:30]} g5 {[%emt 0:00:30]} 13. Bg3 {[%emt 0:02:30]} Ne4 {[%emt 0:03:30]} 14. c4 {[%emt 0:13:30]} Nxg3 {[%emt 0:09:30]} 15. hxg3 {[%emt 0:01:30]} Nxd4 {[%emt 0:07:30]} 16. Nxd4 {[%emt 0:00:30]} Be5 {[%emt 0:02:30]} 17. Nf3 {[%emt 0:05:00]} Bxb2 {[%emt 0:01:30]} 18. Rb1 {[%emt 0:01:30]} Bg7 {[%emt 0:05:30]} 19. cxd5 {[%emt 0:01:30]} Qd6 {[%emt 0:00:30]} 20. Bc4 {[%emt 0:02:30]} b6 {[%emt 1:02:00]} 21. Qd3 {[%emt 0:54:30]} Bd7 {[%emt 0:00:30]} 22. Nd2 {[%emt 0:01:30]} Qe5 $15 {[%emt 0:03:30]} 23. Rfe1 Qxe1+ 24. Rxe1 Rxe1+ 25. Kh2 Rae8 26. Qa3 b5 {[%emt 1:20:00]} 27. Bd3 {[%emt 1:19:30]} Rd1 {[%emt 0:05:52]} 28. Ne4 {[%emt 0:02:30]} g4 {[%emt 0:01:49]} 29. Bc2 {[%emt 0:03:48]} Rxd5 {[%emt 0:04:16]} 30. Qxa7 {[%emt 0:02:52]} Bf5 {[%emt 0:01:18]} 31. f3 {[%emt 0:02:35]} Bxe4 {[%emt 0:00:30]} 32. Bxe4 {[%emt 0:00:12]} Bd4 {[%emt 0:00:36]} 33. Bh7+ {[%emt 0:02:20]} Kg7 {[%emt 0:00:07]} 0-1

[Event "World Junior U20 Open 2018"]
[Site "Gebze"]
[Date "2018.09.13"]
[Round "9.76"]
[White "Kilic, Gokturk Kagan"]
[Black "Tarlabasi, Emirhan"]
[Result "0-1"]
[WhiteElo "1910"]
[BlackElo "2193"]
[Annotator "NA"]
[PlyCount "88"]
[EventDate "2018.09.05"]
[EventType "swiss"]
[EventCountry "TUR"]
[SourceTitle "playchess.com"]
[Source "ChessBase"]
[SourceQuality "1"]
[TimeControl "40/5400+30:1800+30"]

1. e4 {[%emt 0:00:30]} e6 {[%emt 0:00:30]} 2. d4 {[%emt 0:01:30]} d5 {[%emt 0:00:00]} 3. Nc3 {[%emt 0:00:30]} Bb4 {[%emt 0:00:00]} 4. e5 {[%emt 0:00:30]} c5 {[%emt 0:00:30]} 5. Bd2 {[%emt 0:02:30]} Ne7 {[%emt 0:01:30]} 6. Nb5 {[%emt 0:02:30]} Bxd2+ {[%emt 0:00:30]} 7. Qxd2 {[%emt 0:00:30]} O-O {[%emt 0:00:00]} 8. f4 {[%emt 0:02:30]} b6 {[%emt 0:04:30]} 9. Nf3 {[%emt 0:14:30]} Ba6 {[%emt 0:03:30]} 10. c3 {[%emt 0:07:30]} Qd7 $11 {[%emt 0:02:30]} 11. Nd6 Bxf1 12. Rxf1 Nbc6 13. Kf2 f5 14. Kg1 c4 15. Qf2 Nc8 16. Nxc8 Rfxc8 17. Qh4 Ne7 18. g4 Rf8 19. g5 g6 20. Qf2 b5 21. h4 Kg7 22. Qh2 Rh8 23. h5 {[%emt 1:40:16]} a5 {[%emt 0:57:30]} 24. Kg2 {[%emt 0:00:30]} b4 {[%emt 0:00:30]} 25. Kg3 {[%emt 0:00:30]} Rab8 {[%emt 0:00:30]} 26. Rh1 {[%emt 0:00:30]} Qa4 {[%emt 0:00:30]} 27. cxb4 {[%emt 0:01:07]} Qxb4 {[%emt 0:09:30]} 28. Rab1 {[%emt 0:00:32]} a4 {[%emt 0:01:30]} 29. Qc2 {[%emt 0:00:28]} Kf7 {[%emt 0:06:30]} 30. Qh2 {[%emt 0:00:28]} Rhg8 {[%emt 0:05:30]} 31. Qc2 {[%emt 0:00:20]} Ke8 {[%emt 0:02:30]} 32. Rh2 {[%emt 0:00:44]} Kd7 {[%emt 0:01:30]} 33. Rhh1 {[%emt 0:00:17]} Rgc8 {[%emt 0:01:02]} 34. hxg6 {[%emt 0:00:37]} hxg6 {[%emt 0:00:30]} 35. Rh7 {[%emt 0:00:25]} a3 {[%emt 0:03:01]} 36. Nh4 {[%emt 0:00:31]} Rg8 {[%emt 0:12:13]} 37. b3 {[%emt 0:00:37]} cxb3 {[%emt 0:02:25]} 38. Rxb3 {[%emt 0:00:06]} Qe1+ {[%emt 0:00:38]} 39. Kg2 {[%emt 0:00:24]} Rgc8 {[%emt 0:02:26]} 40. Qd3 {[%emt 0:00:00]} Rxb3 {[%emt 0:00:00]} 41. axb3 {[%emt 0:06:08]} Qa5 {[%emt 0:28:18]} 42. b4 {[%emt 0:22:38]} Qxb4 {[%emt 0:01:29]} 43. Qa6 {[%emt 0:00:33]} Rc2+ {[%emt 0:01:10]} 44. Kg3 {[%emt 0:01:38]} Qe1+ {[%emt 0:00:05]} 0-1

[Event "World Junior U20 Open 2018"]
[Site "Gebze"]
[Date "2018.09.13"]
[Round "9.77"]
[White "Piyumantha, M Sasith Nipun"]
[Black "Baylav, Can"]
[Result "1-0"]
[WhiteElo "2139"]
[BlackElo "2026"]
[Annotator "NA"]
[PlyCount "57"]
[EventDate "2018.09.05"]
[EventType "swiss"]
[EventCountry "TUR"]
[SourceTitle "playchess.com"]
[Source "ChessBase"]
[SourceQuality "1"]
[TimeControl "40/5400+30:1800+30"]

1. d4 {[%emt 0:00:30]} Nf6 {[%emt 0:00:30]} 2. c4 {[%emt 0:00:00]} g6 {[%emt 0:00:30]} 3. f3 {[%emt 0:00:00]} e5 {[%emt 0:00:00]} 4. dxe5 {[%emt 0:00:00]} Nh5 {[%emt 0:00:00]} 5. Nh3 {[%emt 0:00:00]} Nc6 {[%emt 0:00:30]} 6. Bg5 {[%emt 0:02:30]} Be7 {[%emt 0:00:30]} 7. Bxe7 {[%emt 0:00:00]} Qxe7 {[%emt 0:00:00]} 8. Nc3 {[%emt 0:00:00]} Qxe5 {[%emt 0:01:30]} 9. g4 {[%emt 0:01:30]} Nf6 {[%emt 0:03:30]} 10. Qd2 {[%emt 0:03:30]} O-O {[%emt 0:04:30]} 11. O-O-O {[%emt 0:05:30]} d6 {[%emt 0:05:30]} 12. e4 {[%emt 0:03:30]} Qa5 {[%emt 0:05:30]} 13. Be2 {[%emt 0:16:30]} Kg7 {[%emt 0:01:30]} 14. Nf4 {[%emt 0:02:30]} a6 $18 {[%emt 0:03:30]} 15. h4 Ne5 16. h5 b5 17. Nfd5 Ng8 18. Qf4 f6 19. g5 {[%emt 1:16:30]} fxg5 {[%emt 0:49:30]} 20. h6+ {[%emt 0:00:00]} Nxh6 {[%emt 0:00:30]} 21. Qxg5 {[%emt 0:00:00]} Ng8 {[%emt 0:01:30]} 22. f4 {[%emt 0:00:00]} Nf7 {[%emt 0:03:30]} 23. Qg1 {[%emt 0:02:00]} c5 {[%emt 0:03:30]} 24. f5 {[%emt 0:02:30]} g5 {[%emt 0:01:30]} 25. Qh2 {[%emt 0:01:30]} h6 {[%emt 0:00:30]} 26. Qh5 {[%emt 0:00:30]} Ne5 {[%emt 0:00:30]} 27. f6+ {[%emt 0:00:30]} Kh7 {[%emt 0:01:30]} 28. Qxg5 {[%emt 0:00:30]} Ra7 {[%emt 0:00:30]} 29. Rxh6+ {[%emt 0:00:30]} 1-0

[Event "World Junior U20 Open 2018"]
[Site "Gebze"]
[Date "2018.09.13"]
[Round "9.78"]
[White "Lin, Peisen"]
[Black "Cansun, Can Alp"]
[Result "0-1"]
[WhiteElo "2034"]
[BlackElo "2110"]
[Annotator "NA"]
[PlyCount "108"]
[EventDate "2018.09.05"]
[EventType "swiss"]
[EventCountry "TUR"]
[SourceTitle "playchess.com"]
[Source "ChessBase"]
[SourceQuality "1"]
[TimeControl "40/5400+30:1800+30"]

1. e4 {[%emt 0:00:30]} c5 {[%emt 0:00:30]} 2. Nf3 {[%emt 0:00:30]} e6 {[%emt 0:00:30]} 3. d4 {[%emt 0:00:00]} cxd4 {[%emt 0:00:00]} 4. Nxd4 {[%emt 0:00:00]} Nc6 {[%emt 0:00:00]} 5. Nc3 {[%emt 0:00:00]} Qc7 {[%emt 0:00:00]} 6. Be3 {[%emt 0:00:00]} a6 {[%emt 0:00:00]} 7. Qf3 {[%emt 0:00:00] B48: Sicilian: Taimanov: 5 Nc3 Qc7 6 Be3 a6 without Be2} Nf6 {[%emt 0:00:00]} 8. O-O-O {[%emt 0:00:00]} Ne5 {[%emt 0:00:00]} 9. Qg3 {[%emt 0:01:30]} b5 {[%emt 0:00:30]} 10. f4 {[%emt 0:14:30]} Neg4 {[%emt 0:00:30]} 11. e5 {[%emt 0:04:30]} Nxe3 {[%emt 0:04:00]} 12. Qxe3 {[%emt 0:00:30]} b4 {[%emt 0:04:30]} 13. Ne4 {[%emt 0:03:00]} Nxe4 {[%emt 0:11:30]} 14. Qxe4 {[%emt 0:00:30]} Bb7 {[%emt 0:00:30]} 15. Qd3 {[%emt 0:00:30] [#]} Be7 $146 {[%emt 0:02:00]} ({Predecessor:} 15... Bc5 16. Kb1 Rc8 17. Nb3 Be3 18. Na5 Bd5 {0-1 (18) Vachier Lagrave,M (2795)-Grischuk,A (2750) chess.com INT 2017}) 16. Qg3 {[%emt 0:09:30]} g6 {[%emt 0:08:30]} 17. Bd3 {[%emt 0:00:30]} Qb6 {[%emt 0:04:30]} 18. Nb3 {[%emt 0:08:30]} a5 {[%emt 0:01:30]} 19. Nd2 {[%emt 0:03:30]} a4 {[%emt 0:41:30]} 20. Nc4 {[%emt 0:00:30]} Qc5 {[%emt 0:06:30]} 21. Kb1 {[%emt 0:06:30]} a3 {[%emt 1:04:30]} 22. b3 {[%emt 0:00:30]} Bd5 {[%emt 0:00:30]} 23. Rhe1 {[%emt 0:06:30]} Rc8 {[%emt 0:11:30]} 24. Bf1 {[%emt 1:16:00]} O-O {[%emt 1:22:51]} 25. h4 {[%emt 0:00:30]} d6 {[%emt 0:02:36]} 26. exd6 {[%emt 0:07:01]} Bxd6 {[%emt 0:00:08]} 27. Rd2 {[%emt 0:06:28]} Be7 {[%emt 0:03:56]} 28. Red1 {[%emt 0:03:33]} Rfd8 {[%emt 0:02:22]} 29. Qe3 {[%emt 0:00:56]} Bxh4 {[%emt 0:09:05]} 30. Qxc5 {[%emt 0:01:20]} Rxc5 {[%emt 0:00:02]} 31. Ne3 {[%emt 0:00:00]} Bg3 {[%emt 0:01:13]} 32. Rd4 {[%emt 0:04:03]} Bf2 {[%emt 0:00:08]} 33. R4d3 {[%emt 0:00:35]} Bxe3 {[%emt 0:01:03]} 34. Rxe3 {[%emt 0:00:03]} Rdc8 {[%emt 0:00:00]} 35. Rd2 {[%emt 0:00:19]} Rc3 {[%emt 0:00:54]} 36. Bd3 {[%emt 0:00:17]} Bb7 {[%emt 0:01:53]} 37. g3 {[%emt 0:02:02]} Rd8 {[%emt 0:01:20]} 38. Kc1 {[%emt 0:00:31]} Kf8 {[%emt 0:00:45]} 39. Kd1 {[%emt 0:01:24]} Ke7 {[%emt 0:00:21]} 40. Ke2 {[%emt 0:00:00]} h5 {[%emt 0:00:00]} 41. Re5 {[%emt 0:04:28]} Rd5 {[%emt 0:05:53]} 42. Rxd5 {[%emt 0:00:30]} Bxd5 {[%emt 0:00:30]} 43. Ke3 {[%emt 0:00:00]} Kd6 {[%emt 0:04:30]} 44. Kd4 {[%emt 0:00:00]} Rc8 {[%emt 0:06:07]} 45. Re2 {[%emt 0:00:30]} Rh8 {[%emt 0:00:48]} 46. Rh2 {[%emt 0:00:30]} Re8 {[%emt 0:02:17]} 47. Re2 {[%emt 0:00:30]} g5 {[%emt 0:03:09]} 48. Rh2 {[%emt 0:03:30] [#]} h4 $19 {[%emt 0:00:55]} 49. gxh4 {[%emt 0:04:30]} gxf4 {[%emt 0:00:07]} 50. Be4 {[%emt 0:00:30]} e5+ {[%emt 0:00:20]} 51. Kd3 {[%emt 0:00:00]} Bxe4+ {[%emt 0:00:48]} 52. Kxe4 {[%emt 0:00:00]} Ke6 {[%emt 0:00:00]} 53. h5 {[%emt 0:02:30]} f5+ {[%emt 0:00:33]} 54. Kf3 {[%emt 0:00:30]} Rc8 {[%emt 0:00:07]} 0-1

[Event "World Junior U20 Open 2018"]
[Site "Gebze"]
[Date "2018.09.13"]
[Round "9.79"]
[White "Beukema, Christiaan"]
[Black "Ozturk, Efe Hakan"]
[Result "0-1"]
[WhiteElo "1904"]
[BlackElo "2065"]
[Annotator "NA"]
[PlyCount "52"]
[EventDate "2018.09.05"]
[EventType "swiss"]
[EventCountry "TUR"]
[SourceTitle "playchess.com"]
[Source "ChessBase"]
[SourceQuality "1"]
[TimeControl "40/5400+30:1800+30"]

1. d4 {[%emt 0:01:30]} Nf6 {[%emt 0:01:30]} 2. Nf3 {[%emt 0:00:30]} d5 {[%emt 0:02:30]} 3. Bf4 {[%emt 0:00:30]} e6 {[%emt 0:03:30]} 4. e3 {[%emt 0:00:30]} Bd6 {[%emt 0:03:30]} 5. Ne5 {[%emt 0:03:30]} O-O {[%emt 0:01:30]} 6. Bd3 {[%emt 0:01:30]} c5 {[%emt 0:01:30]} 7. c3 {[%emt 0:00:30]} Qc7 {[%emt 0:05:30] D02: 1 d4 d5 2 Nf3 sidelines, including 2...Nf6 3 g3 and 2...Nf6 3 Bf4} (7... Nc6 8. Bg3 Qc7 9. f4 b6 10. Nd2 Bb7 11. O-O Ne7 12. Bh4 Ne4 13. Bxe7 Qxe7 14. Nxe4 dxe4 15. Be2 Rac8 16. Qa4 a6 17. Qb3 Bc7 18. a4 Rb8 19. f5 Bxe5 20. dxe5 {1-0 (66) Kayumov,S (2505)-Salgado Lopez,I (2622) Dubai 2014}) 8. g4 {[%emt 0:04:30]} Nfd7 $146 {[%emt 0:10:30]} ({Predecessor:} 8... Nbd7 9. g5 Ne8 10. Nd2 g6 11. Ndf3 Ng7 12. h4 Nh5 13. Bh2 f5 14. gxf6 Ndxf6 15. Qc2 cxd4 16. exd4 {1-0 (28) Christensen,B (2256)-Skovgaard,T (1962) Helsingor 2013}) 9. g5 {[%emt 0:07:30]} Nxe5 {[%emt 0:10:30]} 10. dxe5 {[%emt 0:00:30]} Bxe5 {[%emt 0:00:30]} 11. Bxh7+ {[%emt 0:00:30]} Kxh7 {[%emt 0:00:00]} 12. Qh5+ {[%emt 0:00:30]} Kg8 {[%emt 0:00:00]} 13. g6 {[%emt 0:01:30]} fxg6 {[%emt 0:00:30]} 14. Qxe5 {[%emt 0:00:30]} Qxe5 {[%emt 0:23:30]} 15. Bxe5 {[%emt 0:00:30]} Rf5 {[%emt 0:03:30]} 16. Bd6 {[%emt 0:00:30]} Nd7 {[%emt 0:00:30]} 17. Rg1 {[%emt 0:00:00]} Kf7 {[%emt 0:01:30]} 18. Nd2 {[%emt 0:00:00]} e5 {[%emt 0:02:30]} 19. e4 {[%emt 0:00:30]} Rf6 {[%emt 0:01:30]} 20. Bc7 {[%emt 0:00:30]} Rc6 {[%emt 0:00:30]} 21. Bd8 {[%emt 0:00:00]} d4 {[%emt 0:00:30]} 22. Nf3 {[%emt 0:02:00]} b5 {[%emt 0:04:30]} 23. Rg5 {[%emt 0:00:30]} Bb7 {[%emt 0:02:39]} 24. Ba5 {[%emt 0:01:30]} Re8 {[%emt 0:01:28]} 25. Kd2 {[%emt 0:00:30]} Rf6 $19 {[%emt 0:01:25]} 26. Ke2 {[%emt 0:01:30]} Bxe4 {[%emt 0:01:29]} 0-1